=LDR 00000nam 2200000 4500 =001 NUTBA000000000005440 =005 20151017100949.0 =006 =007 =008 =020 ##$$a 978-60218739-5-3 =035 ##$$0010-101400000000670 =040 ##$$a NBPDMAT =082 ##$$a 92(Ariel) =090 ##$$a 92(Ariel) $b Ira a =100 ##$$a Ira Puspita =245 ##$$a Ariel lelaki yang mencemburukan/ $c Ira Puspitarini =250 ##$$a Cet.1 =260 ##$$a Yogyakrarta : $b Kanal Publika, $c 2012 =300 ##$$a viii,97 hlm. : ilus. ; 21 cm. =500 ##$$a Bibliografi : hlm. 87-91 =650 ##$$a Ariel (Nasriel Irham ), 1981- =850 ##$$a NBPDMAT =990 ##$$a 0001/BPAP-NTB/2016 =990 ##$$a 0001/BPAP-NTB/2016 =990 ##$$a 75367536 =990 ##$$a 21415372 =990 ##$$a 21415373 =990 ##$$a 21415374 =990 ##$$a 21415375 =990 ##$$a 0001/BPAP-NTB/2015 =990 ##$$a 0001/BPAP-NTB/2016 =990 ##$$a 0001/BPAP-NTB/2016 =990 ##$$a 01201807536